000 00518nam a22001937a 4500
003 CEME
005 20210628205213.0
008 210216b xxu||||| |||| 00| 0 eng d
020 _a0-7506-2662-3
040 _c.
082 _a621.317 DAV'P
100 _aDavies, T
_974405
245 _aProtection of industrial power system
250 _a2ND
260 _aOXFORD
_bNEWNESS
_c1996
300 _aXII, 231P
650 _aINDUSTRIAL BUILDING POWER SUPPLY ELECTRIC POWER SYSTEM PROTECTION
_974406
942 _cBK
_2ddc
999 _c579939
_d579939